[Event "RUS-CHN Summit Men 2nd"]
[Site "Moscow"]
[Date "2004.08.10"]
[Round "1"]
[White "Rublevsky, Sergei"]
[Black "Zhang, Zhong"]
[Result "1/2-1/2"]
[WhiteElo "2686"]
[BlackElo "2603"]
[Annotator "Postny,E"]
[PlyCount "111"]
[EventDate "2004.08.10"]
[EventType "schev"]
[EventRounds "6"]
[EventCountry "RUS"]
[SourceTitle "CBM 103"]
[Source "ChessBase"]
[SourceDate "2004.11.11"]
[SourceVersion "1"]
[SourceVersionDate "2004.11.11"]
[SourceQuality "1"]
[WhiteTeam "Russia"]
[BlackTeam "China"]
[WhiteTeamCountry "RUS"]
[BlackTeamCountry "CHN"]

1. e4 e5 2. Nf3 Nc6 3. d4 exd4 4. Nxd4 Nf6 5. Nxc6 bxc6 6. e5 Qe7 7. Qe2 Nd5 8.
c4 Nb6 {Compared to the alternative 8...Ba6, the move in text keeps an option
of pushing forward the "a" pawn.} 9. Nc3 ({Another way of development is} 9.
Nd2) 9... a5 ({Another popular continuation is} 9... Qe6) 10. f4 {A rare
continuation.} (10. Qe4 {--> 0-1 Antal,G-Vajda,L/Budapest 2002/CBM 89 [Postny,
E](65)}) (10. Bd2 {--> 1/2-1/2 Radjabov,T-Adams,M/Tripoli 2004/CBM 102 [Postny,
E] (27)}) 10... Ba6 (10... a4 11. Qe4 g6 {--> 1/2-1/2 Lautier,J-Hebden,M/
Clichy 2001/CBM 85 [Postny,E] (27)}) 11. b3 Qe6 12. Bb2 a4 $146 (12... Bb4 13.
Qc2 a4 14. Rc1 Qh6 15. g3 O-O 16. Bd3 d5 17. exd6 cxd6 {1/2-1/2 Rublevsky,
S-Adams,M/Rethymnon 2003/CBM 98 no vc (17)}) 13. O-O-O {Looks risky, but it's
the logical continuation of white's previous play.} Bb4 14. Ne4 axb3 15. axb3
Bb7 {Opening the "a" file for the rook.} 16. Qf2 {[%cal Gf4f5]} Qe7 17. Nd6+ $5
{This check looks extremely promising for white, but as the continuation of
the game shows, the matters are far from clear.} cxd6 18. exd6 (18. Qxb6 $2 Bc5
19. Qxb7 O-O {[%csl Rb7][%cal Ra8a7]} 20. Bd4 dxe5 $1 21. Bxc5 Qxc5 {[%csl Rc1]
with crushing attack.}) 18... Qd8 $8 19. Bxg7 {This obvious move is probably
not the best one.} ({Very interesting was:} 19. c5 $5 Nd5 (19... O-O $2 20. Qd4
$18) (19... Ba3 20. Bxa3 Rxa3 21. Qb2 $1 Qa8 22. Qxg7 Ra1+ 23. Kd2 Qa2+ 24. Ke3
Qxb3+ 25. Bd3 $18) (19... f6 20. Qe3+ Kf7 21. cxb6 $16) 20. Rxd5 cxd5 21. Qe3+
Kf8 22. Qd4 f6 23. Qxb4 {with a wild position, which is very hard to evaluate..
.}) 19... f6 20. Be2 {[%cal Ge2h5]} (20. Bxh8 $2 Ra1+ 21. Kb2 Rxd1 22. Qe2+ Kf7
23. Qxd1 Qxh8 $17) 20... Kf7 21. Qg3 ({Again bad is to capture the rook:} 21.
Bxh8 $2 c5 $1 22. Bh5+ Kg8 23. Qh4 Ra1+ (23... Kxh8 $2 24. Bg6) 24. Kb2 Ra2+
25. Kc1 (25. Kxa2 Qa8+ 26. Kb1 Be4+ $19) 25... Be4 $19) 21... h5 ({There was
an alternative way to protect the h5 square:} 21... Ra5 $5 22. f5 Rxf5 23. Rhf1
Rg8 $1 24. Rxf5 (24. Bh5+ $2 Rxh5 25. Bxf6 Rxg3 26. Bxd8+ Kg8 27. hxg3 Nc8 $17)
24... Rxg7 25. Qh4 Kg8 {with double-edged position.}) 22. f5 $1 {[%csl Rg6]
Emphasizing the drawback of black's last move. The play is now forced for a
while.} Qe8 $8 23. Bxh8 Qxh8 24. Qg6+ Kf8 25. Bxh5 Qg7 26. Kb2 $1 {Preventing
the invasion of black's rook.} Qxg6 27. Bxg6 Nc8 {Unfortunately for white, the
Pd6 is a goner...} 28. h4 Bxd6 {It's extremely hard to evaluate this position.
As the continuation of the game shows, it's approximately equal...} 29. Rhe1 c5
{Both black's bishops are came alive, and white has to be careful, since his
king might be in danger as well.} 30. g4 (30. Re8+ Kg7 31. b4 (31. Rxc8 $4 Be5+
$19) 31... Nb6 $1 32. Rxa8 Bxa8 33. Kb3 Bf8 {and black is fine.}) 30... Bc6 $1
(30... Be5+ $2 31. Rxe5 fxe5 32. Rxd7 $18) 31. Re8+ Kg7 32. g5 Bf4 (32... Be5+
$2 33. Rxe5 fxe5 34. h5 {[%csl Gf5,Gg5,Gh5]}) 33. Rg1 (33. gxf6+ Kxf6 34. Rf8+
Ke7 $1 (34... Kg7 $6 35. Rf7+ Kg8 36. f6 Be5+ 37. Kc2 Ra2+ 38. Kd3 Rf2 (38...
Rg2 39. Rg7+ Kf8 40. Re1 Rg3+ 41. Kc2 Rg2+ 42. Kb1 $18) 39. Rg1 Rxf6 40. Rxf6
Bxf6 41. Be4+ Kf7 42. Bxc6 dxc6 43. h5 {with a winning chances for white.}) 35.
Rf7+ (35. Re8+ Kf6 36. Rf8+ $11) 35... Kd8 36. f6 Kc7 {and black's king
escapes to the queenside, while the activity of black's pieces will be a
source of worry for white...}) 33... fxg5 34. hxg5 d6 $1 {Securing the e5
outpost.} 35. Re6 Bd7 $6 {Black was certainly playing for a win here, the move
in the text is risky.} (35... Be5+ 36. Rxe5 dxe5 37. Bh5 Nd6 38. f6+ Kg8 39. g6
Rf8 40. f7+ Kg7 41. Rg5 $11) 36. Re4 Bh2 37. Rge1 {[%cal Ge4e7]} Ra7 $1 38. Rh4
({After} 38. Re7+ Nxe7 39. Rxe7+ Kf8 40. f6 {white can achieve only a
perpetual.}) 38... Be5+ 39. Kc2 (39. Rxe5 dxe5 40. Rh7+ Kg8 41. f6 Be6 $11)
39... Ne7 40. Rh7+ Kf8 41. Rf7+ Ke8 42. Bh5 Ra2+ 43. Kd3 Rh2 {[%tqu "En","How
should white continue?","","","e1e5","",10,"f5f6","",0]} 44. Rxe5 $1 (44. f6 $2
Bf5+ 45. Ke3 Rxh5 46. Rxe7+ Kf8 {and black's bishops worth more than white's
rook + two pawns.}) 44... dxe5 45. f6 Bf5+ 46. Ke3 Rh3+ $1 {Driving away the
white king before taking on h5.} (46... Nd5+ $5 47. cxd5 Rh3+ 48. Kd2 Rxh5 49.
Re7+ Kf8 50. Rxe5 Rxg5 51. d6 Kf7 $11) 47. Kd2 Rxh5 48. Rxe7+ Kf8 49. Rxe5 Rxg5
50. Rxc5 {In the end of the storm the sides landed in a drawish endgame.} Kf7
51. Rc6 Rg3 52. Rb6 Be6 53. Kc2 Kxf6 54. Rd6 Ke5 55. Rd8 Bf5+ 56. Kb2 {[%mdl
1025] An exciting game, played at the very high level.} 1/2-1/2

[Event "Ciocaltea Memorial"]
[Site "Bucharest"]
[Date "2002.03.09"]
[Round "6"]
[White "Parligras, Mircea Emilian"]
[Black "Rogozenco, Dorian"]
[Result "1-0"]
[WhiteElo "2498"]
[BlackElo "2530"]
[Annotator "Postny,E"]
[PlyCount "95"]
[EventDate "2002.03.04"]
[EventType "tourn"]
[EventRounds "11"]
[EventCountry "ROU"]
[EventCategory "9"]
[SourceTitle "CBM 088"]
[Source "ChessBase"]
[SourceDate "2002.03.21"]
[SourceVersion "1"]
[SourceVersionDate "2002.03.21"]
[SourceQuality "1"]

1. e4 e5 2. Nf3 Nc6 3. d4 exd4 4. Nxd4 Nf6 5. Nxc6 bxc6 6. e5 Qe7 7. Qe2 Nd5 8.
c4 Nb6 9. Nd2 {This move is less ambitious, than 9.Nc3.} a5 {Other theoretical
continuations are: 9...Bb7, 9...Qe6, 9...d5.} 10. Qe4 ({Possible is} 10. g3 {
as in the game Hector,J-Wedberg,T Sigeman & Co 2001/CBM -- [Postny]}) ({
Risky, but interesting is} 10. b3 a4 11. Bb2 {- see the game Nakamura,H-Ernst,
S Bermuda 2002/CBM 88 [Postny]}) 10... d5 {The safest reply. After the
exchange of QQ the chances are about equal.} (10... g6 11. Bd3 Bg7 12. O-O O-O
13. Nf3 f6 14. Qh4 Re8 15. exf6 Qxf6 16. Ng5 h6 17. Nf3 $14 {1-0 Parligras,
M-Danilov,V/Baile Tusnad 1999/EXT 2000 (27)}) (10... Na4 $5 {[%cal Ya4c5] -
see the game Grosar,A-Sokolov,I Vidmar mem Portoroz 1993/CBM 37 [Hansen,Cu]})
11. exd6 (11. cxd5 cxd5 12. Bb5+ Bd7 13. Bxd7+ Qxd7 14. Qc2 Be7 15. O-O O-O 16.
f4 f6 17. Nf3 fxe5 18. Nxe5 Qd6 19. Be3 c5 $132 {0-1 Hector,J-Wedberg,T/Orebro
2000/CBM 77 ext (51)}) 11... cxd6 12. Bd3 Ba6 $146 (12... f5 $6 13. Qxe7+ Bxe7
14. O-O Bf6 15. Rb1 O-O 16. b3 a4 17. Nf3 a3 $6 18. Bf4 Rd8 19. Rbd1 $16 {
1-0 Ganguly,S-Goswami,V/IND 1999/EXT 2002 (42)}) 13. b3 Qxe4+ 14. Bxe4 d5 15.
cxd5 cxd5 16. Bf3 O-O-O $2 {[%csl Rc8] This is a serious mistake. Black puts
his K in unsafe place, and since there are still many pieces on the board, a
weak K can become a factor.} (16... Bc5 {[%csl Ra1][%cal Gc5d4]} 17. Be2 Bxe2
18. Kxe2 O-O $11) 17. Bb2 f6 18. Rc1+ Kb7 19. Kd1 $1 {[%csl Yd1,Ye1][%cal
Yh1e1] The best square for the white K. Now white's pieces are harmonically
placed, which can not be said about the black ones.} Bd6 20. Re1 Rd7 (20...
Rhe8 21. Rxe8 Rxe8 22. Nc4 $1 $16) 21. Re6 {[%csl Ge6]} Rc8 $2 (21... Bd3 $1 {
[%csl Gd3,Ge6][%cal Yd3f5] The only move, that keeps black's position playable.
} 22. Bd4 Bf5 23. Re1 Ba3) 22. Rxc8 Kxc8 23. Bd4 Kc7 24. Kc2 (24. Nb1 {[%csl
Rd5][%cal Gb1c3] was also very unpleasant for black.}) 24... Bb7 25. Nb1 $1 {
[%csl Rd5][%cal Gb1c3]} a4 26. Nc3 {All white's pieces are superbly placed and
black's are very passive and can hardly move. As well as the Pd5 is an easy
prey for white.} axb3+ 27. axb3 Bc6 28. h4 $1 {Right decision. Black has no
counterplay at all, so white has a plenty of time to improve his position even
more, before collecting the Pd5.} Kb7 29. h5 h6 30. Bxb6 Kxb6 31. Bxd5 Bxd5 32.
Nxd5+ Kc5 33. Ne3 $18 Be5 34. f3 $6 {A serious inaccuracy.} (34. Nc4 {was good
enough}) 34... Bf4 $6 ({After} 34... Ra7 {[%csl Ga7][%cal Ga7a2] black could
get reasonable drawing chances.}) 35. Nc4 Ra7 36. Re4 Bg3 37. Kc3 Bf2 (37...
Ra2 38. b4+ Kc6 39. Ne3 $18) 38. g4 Rd7 39. b4+ Kd5 40. Rf4 Be1+ 41. Kb3 Bf2
42. Re4 Kc6 43. Re6+ Kd5 $6 {[%csl Rd5]} (43... Kc7 $142) 44. Re2 Bd4 45. Rd2
Re7 {The last mistake in a lost position.} (45... Kc6 {would be more stubborn.}
) 46. Na3 {[%csl Rd4,Rd5][%cal Ga3b5,Ga3c2]} Re3+ 47. Ka4 Rxf3 48. Nb5 1-0

[Event "Olympiad-36"]
[Site "Mallorca"]
[Date "2004.10.20"]
[Round "6"]
[White "Mamedov, Rauf"]
[Black "Karjakin, Sergey"]
[Result "0-1"]
[WhiteElo "2517"]
[BlackElo "2576"]
[Annotator "Postny,E"]
[PlyCount "68"]
[EventDate "2004.10.15"]
[EventType "team-swiss"]
[EventRounds "14"]
[EventCountry "ESP"]
[SourceTitle "CBM 104"]
[Source "ChessBase"]
[SourceDate "2005.01.27"]
[SourceVersion "1"]
[SourceVersionDate "2005.01.27"]
[SourceQuality "1"]
[WhiteTeam "Azerbaijan"]
[BlackTeam "Ukraine"]
[WhiteTeamCountry "AZE"]
[BlackTeamCountry "UKR"]

{The battle on the last board in the key match Azerbajan-Ukraine between the
two talented youngsters aroused great curiosity...} 1. e4 e5 2. Nf3 Nc6 3. d4
exd4 4. Nxd4 Nf6 5. Nxc6 bxc6 6. e5 Qe7 7. Qe2 Nd5 8. c4 Nb6 ({Other main line
goes with} 8... Ba6) 9. Nc3 Qe6 {Opening the diagonal for the dark-squared
bishop and eyeing the Pc4 as well.} 10. Qe4 Ba6 ({The alternatives are:} 10...
g6 {--> 1-0 Rublevsky,S-Lautier,J/Poikovsky 2004/CBM 100 [Postny,E] (49)}) (
10... d5 {--> 1-0 Pavasovic,D-Carlsen,M/Wijk aan Zee 2004/CBM 99 [Postny,E] 
(59)}) (10... Bb4 11. Bd2 Ba6 12. b3 {is just different order of moves.}) 11.
b3 Bb4 12. Bd2 Bxc3 {This exchange allows black to carry out the d7-d5 thrust.}
13. Bxc3 d5 14. Qh4 {This move was introduced by G.Kasparov in Sarajevo 1999
and caused black a serious worry in this opening line. However, since then
black has found sufficient defensive ideas, so the whole variation is playable
for black.} (14. Qf3 {--> 1/2-1/2 Ponomariov,R-Spassky,B/Cannes 1998/CBM 65 
[Mikhalevski,V] (58)}) 14... dxc4 15. Be2 Nd5 (15... O-O 16. O-O Nd5 17. Bxc4
Bxc4 18. Qxc4 $14 {1/2-1/2 Mikhalchishin,A-Onischuk,A/Batumi 1999/CBM 74 
[Mikhalevski,V] (55)}) 16. Bxc4 ({In the first game for 14.Qh4 line Kasparov
went for} 16. Bd4 {and got the advantage after} c5 17. Bxc5 Nc3 18. Bxc4 Qxe5+
19. Be3 $14 {1-0 Kasparov,G-Adams,M/Sarajevo 1999/CBM 71 [Mikhalevski,V] (31) 
However, the strong reply 16...Qf5! /\ Nf4 [introduced in Morozevich-Piket/
KasparovChessGP 2000] forced white to switch for 16.Bxc4 move...}) 16... g5 $1
(16... Bxc4 17. Qxc4 Nxc3 18. Qxc3 O-O 19. O-O Rad8 20. Rac1 $16 {1-0 Kulaots,
K-Sepp,O/Puhajarve 2001/CBM 85 (56)}) (16... Bb5 17. O-O g5 18. Qd4 Bxc4 19.
bxc4 Nf4 20. Rfe1 $14 {1/2-1/2 Macieja,B-Timman,J/Willemstad 2001/EXT 2002 (42)
}) 17. Qd4 (17. Qxg5 $4 Bxc4 $19 {[%csl Rc3]}) 17... Bxc4 18. Qxc4 O-O-O (18...
Nf4 19. Qxe6+ Nxe6 20. O-O-O {--> 1-0 Kasparov,G-Timman,J/Wijk aan Zee 2000/
CBM 75 [Mikhalevski,V] (36)}) 19. O-O ({An interesting alternative is} 19. Bd4
{1/2-1/2 Pavasovic,D-Mastrovasilis,D/Topola 2004/CBM 101 [Postny,E] (30)})
19... Nf4 20. Qxe6+ (20. Qa6+ Kb8 21. Rfe1 Qg4 (21... Nxg2 $2 22. Re4 $18 {
[%csl Rg2][%cal Re4b4]} (22. Kxg2 $2 Qg4+ 23. Kh1 Qf3+ 24. Kg1 Qg4+ $11)) 22.
Qf1 Rd3 23. Rac1 Rhd8 $13) 20... Nxe6 (20... fxe6 21. Rfe1 Rd3 22. Bb4 Rd5 23.
Be7 $14 {0-1 Brod,M-Neumeier,K/Hartberg 2004/CBM 101 ext (51)}) 21. Rac1 (21.
Rfe1 Rd3 22. Rac1 Rhd8 23. Kf1 h5 24. Re4 c5 25. g3 Rd1+ 26. Re1 R1d3 $11 {
1/2-1/2 Macieja,B-Timman,J/Curacao 2002/CBM 91 ext (33)}) 21... Rd3 {In the
game Movsesian-Kasimdzhanov/Sarajevo 2003 draw was agreed in this position...}
(21... Rd5 22. g3 c5 23. Kg2 Rhd8 24. Rfe1 Rd3 25. Re4 h5 26. h3 R8d5 27. Rc4
Kb7 28. Rc2 Kc6 29. Ra4 Kb7 30. Rc4 {1/2-1/2 Movsesian,S-Stefansson,H/
Reykjavik 2003/CBM 94 (30)}) 22. Rfd1 Rd5 {White's superior pawn structure is
fully compensated by black's excellent blockading knight. The position is
equal.} 23. Kf1 Rhd8 24. Re1 h5 25. g3 $6 {Allows black to blockade completely
white's kingside.} ({Much better would have been} 25. h3 $11) 25... g4 26. Kg2
Ng5 {[%cal Gg5f3]} 27. e6 $2 {This looks like a desperation.} ({The correct
continuation would have been} 27. f4 $1 {though it looks quite risky for white:
} gxf3+ 28. Kf2 {[%cal Gh2h4]} Rd3 29. Re3 Rd2+ $1 30. Bxd2 Rxd2+ 31. Kf1 Rxh2
32. Rxc6 Rh1+ 33. Kf2 Rh2+ $11) 27... Nxe6 28. Bf6 Rg8 29. Re4 Rg6 30. Be5 $4 {
Of course, white is already worse, but this move is just a big blunder.} Nc5 {
[%csl Rc1,Re4,Re5][%cal Gc5d3] That's it. White is losing the exchange and the
game.} 31. Rxc5 Rxc5 32. Bf4 Re6 33. Ra4 a5 34. a3 Rb5 0-1

[Event "NED-chT 0102 playoff"]
[Site "Enschede"]
[Date "2002.05.09"]
[Round "1.2"]
[White "Smeets, Jan"]
[Black "Sokolov, Ivan"]
[Result "0-1"]
[WhiteElo "2354"]
[BlackElo "2647"]
[Annotator "Postny,E"]
[PlyCount "60"]
[EventDate "2002.05.09"]
[EventType "team-k.o."]
[EventRounds "2"]
[EventCountry "NED"]
[SourceTitle "CBM 089"]
[Source "ChessBase"]
[SourceDate "2002.08.12"]
[SourceVersion "1"]
[SourceVersionDate "2002.08.12"]
[SourceQuality "1"]
[WhiteTeam "Leiden LSG"]
[BlackTeam "Ordina Breda"]
[WhiteTeamCountry "NED"]
[BlackTeamCountry "NED"]

1. e4 e5 2. Nf3 Nc6 3. d4 exd4 4. Nxd4 Bc5 5. Nxc6 Qf6 6. Qd2 bxc6 {This move
is the side line, but appeares regularly in modern practice. The main line is
6...dc.} 7. Nc3 {The alternative is 7.Bd3.} Qg6 {Usually it's not recommended
to play queen moves in so early stage of the game, but here it makes sense -
the Qg6 puts an eye on both e4 and g2 pawns, which can prevent for a while
white's development.} 8. f4 {Probably not the best way to fight for the
advantage.} (8. Qf4 Nf6 9. Be3 Bxe3 10. Qxe3 O-O 11. O-O-O d5 12. Bd3 Ng4 13.
Qd4 Qf6 14. Qxf6 Nxf6 15. Rhe1 $14 {1-0 Shirov,A-Rodriguez Vargas,O/Cala
Galdana 2001/CBM 84 ext (33)}) 8... Ne7 $146 ({An interesting game was played
recently in Dubai open:} 8... Nf6 9. Bd3 Ng4 10. e5 Qh6 11. Qe2 Nf2 12. Ne4
Nxh1 13. Nxc5 Qxh2 14. Be3 O-O 15. g4 Qh3 16. Ne4 h6 17. Kd2 $36 {1-0 Motylev,
A-Acs,P/Open, Dubai UAE 2002 (32)}) 9. Bd3 d5 $1 10. e5 $2 {[%mdl 16384]} ({
Dangerous for white is:} 10. exd5 $2 Bf5 11. Bxf5 Nxf5 {[%csl Re1] and white's
K is stock in the centre.}) ({The best way is:} 10. Na4 $1 dxe4 (10... Bd4 11.
exd5 Bf5 12. Bxf5 Nxf5 13. c3 Ne3 14. cxd4 Nc2+ 15. Kf2 Nxa1 16. Re1+ $16) 11.
Nxc5 exd3 $11) 10... Bf5 $15 {Black has advantage in development. White has to
be very careful.} 11. Na4 Bd4 {This B prevents from white short castle, so
white has to prepare queenside castling.} 12. Bxf5 ({White can not get rid of
the annoying Bd4.} 12. c3 $2 Bxd3 13. cxd4 Qe4+) 12... Nxf5 13. Qe2 h5 14. Bd2
a5 {Black managed to blockade white's kingside, in contrast white has no
blockade on the queenside.} 15. O-O-O O-O 16. Rhe1 $6 {This "logical" move is
a waste of time. White should have been thinking here about concrete plan.} (
16. g3 $5 {[%cal Yd2e1,Ye1f2] If white will manage to exchange black's Bd4,
his position will be sound.}) 16... Rfe8 17. Qd3 (17. Qf3 $142) 17... c5 18. c4
$2 (18. c3 $2 c4 19. Qf3 Qc6 $17 {[%csl Ra4]}) ({Again the right move was} 18.
Qf3 {although white's position is very suspicious.}) 18... dxc4 19. Qc2 $6 {
White probably did not evaluate the position properly.} ({Relatively best for
white was} 19. Qxc4 Qxg2) 19... Qe6 $19 {Black's plan is simple now - to put
his RR on the "b" file.} 20. Kb1 Reb8 21. Rc1 Qd7 22. e6 {This is desperation,
but white's position can not be saved anyway - black's pieces are superbly
placed and the pressure along the "b" file is decisive.} (22. Qxc4 $2 {[%tqu
"En","How black could conclude the game in style in this variation?","","",
"d7a4","",5]} Qxa4 $1 23. Qxa4 Rxb2+ $19) (22. Rcd1 $142) 22... fxe6 {The
safest continuation.} ({Fritz shows, that black is winning after} 22... Qxa4
23. exf7+ Kf8 $8 24. Re8+ Kxf7 25. Qxf5+ Kxe8 26. Re1+ Kd8 {but this requires
very strong nerves and completely unnecessary from practical point of view.})
23. Bc3 Bxc3 ({There is not too late to spoil everything, for instanse:} 23...
Ne3 $2 24. Qe4 Qxa4 $2 25. Rxe3 $1 Bxe3 26. Qxe6+) 24. Nxc3 Rb4 25. Qe4 Rab8
26. Nd1 Nd4 {Just compare black's pieces to the white ones...} 27. Rf1 (27. Qe3
Qd5) 27... c3 $1 {[%cal Gb4e4] The simplest way to conclude the game.} 28. Rxc3
Nb3 29. Rd3 Nd2+ 30. Kc1 Rxe4 0-1